000 00694cab a2200169 4500
001 ##L131500
008 051108n2005 000 0 eng u
035 _a(Sirsi) u131500
041 0 _aeng
100 1 _aSpring, Martin
245 0 0 _aProjects
_bThe city marches east
260 _c2005
490 0 _aBuilding
_v270(37) 16 September 2005, 64-71(8)
520 _aReports on the Bishop's Square development on the site of Spitalfields market. The development consists of offices, a landscaped piazza, retail outlets and an extension to the old market building. Contains a chronology of the development.
690 _aPROPERTY-COMMERCIAL PROPERTY-COMMERCIAL PROPERTY DEVELOPMENT
942 _n0
999 _c76126
_d76126